000 00802nam a2200205Ia 4500
003 GCL
008 140319s9999 xx 000 0 ara d
020 _a?205603977
040 _aGCL /
_cGCL
082 0 4 _a004
_bم م
100 1 _aمحمد على ابو حسين
245 1 0 _aمعا فى عالم احتراف HARDWARE :
_bمن كمبيوتر XT حتى كمبيوتر البنتيوم /
_cمحمد على ابو حسين
260 _aالقاهرة :
_bخورازم للنشر والتوزيع والكمبيوتر
300 _a254 ص ؛
_c24 سم
650 0 4 _aالحاسبات الالكترونية
650 0 4 _aنظم المعلومات
650 0 4 _aاختزان واسترجاع المعلومات
650 0 4 _aالحاسبات الالكترونية - برامج
942 _2ddc
_cBK
999 _c5458
_d5458